000 00297nam a22001337a 4500
008 180914b xxu||||| |||| 00| 0 eng d
020 _a9780070060173
041 _aeng
080 _a159.9
100 _a49
101 _aPSI
245 _aQuestions Of Gender
_cAnselmI iD.L
942 _2udc
_cBK
999 _c47815
_d47815